000 01202nam a2200253 4500
005 20210819135711.0
008 210819s1982 pe a|||fr|||| 001 0 spa d
040 _aCENDOC CAAAP
_bspa
_cCAAAP
041 _aspa
050 _aHC 228.A5
_b.F83
100 1 _93936
_aFrisk S., Torsten
245 _aPlanificación y ejecución de inventarios para el abastecimiento oportuno y económico de las industrias forestales /
_cTorsten Frisk S., José Dance C. y Luis Novoa R.
250 _a1ra ed.
260 _aLima:
_bMinisterio de Agricultura:
_bPNUD,
_c1982
300 _a68 p.:
_bilustraciones ;
_c29 cm.
490 _a(Documento de Trabajo ;
_v5)
505 _aContiene : Conclusiones y recomendaciones- -Generalidades de los inventarios forestales -- Generalidades de la extracción forestal --Legislación forestal relacionada con el estudio -- Vinculación del inventario con la extracción forestal -- Principal información y parámetros para un inventario forestal.
650 1 0 _93873
_aInventarios forestales
650 2 0 _9911
_aRecursos Forestales
650 2 0 _9387
_aIndustria de la Madera
700 1 _93937
_aDance C., José
700 1 _93938
_aNovoa R., Luis
942 _2lcc
_b19 - 08 - 21
_cBK
999 _c2258
_d2258